<?xml version="1.0" encoding="UTF-8"?>
<marc:record xmlns:marc="http://www.loc.gov/MARC21/slim">
   <marc:leader>00000nam a2200000 a 4500</marc:leader>
   <marc:datafield ind1="1" ind2=" " tag="100">
      <marc:subfield code="a">Demir, Ramazan</marc:subfield>
      <marc:subfield code="4">aut</marc:subfield>
      <marc:subfield code="e">Verfasser/-in</marc:subfield>
   </marc:datafield>
   <marc:datafield ind1="0" ind2="0" tag="245">
      <marc:subfield code="a">Unter Extremisten</marc:subfield>
   </marc:datafield>
   <marc:datafield ind1="0" ind2="0" tag="245">
      <marc:subfield code="b">Ein Gefängnisseelsorger blickt in die Seelen radikaler Muslime</marc:subfield>
   </marc:datafield>
   <marc:datafield ind1=" " ind2="1" tag="264">
      <marc:subfield code="b">edition a</marc:subfield>
      <marc:subfield code="c">2017</marc:subfield>
   </marc:datafield>
   <marc:datafield ind1="1" ind2=" " tag="520">
      <marc:subfield code="a">Sie haben gemordet, Bomben gebaut, aufgehetzt, waren im Syrienkrieg. Jetzt, in Haft, zerbrechen die einen fast daran. Sie verstehen nicht, wie es mit ihnen so weit kommen konnte, flehen Allah um Vergebung an und wollen ihrem Leben ein Ende setzen. Die anderen sind hart wie Stein. Sie missbrauchen das Gefängnis als Brutstätte der Radikalisierung und ihm, dem Gefängnis-Imam, der an die Schweigepflicht gebunden ist, vertrauen sie an: Sobald wir draußen sind, werden wir wieder morden, Bomben bauen, aufhetzen.</marc:subfield>
   </marc:datafield>
   <marc:datafield ind1=" " ind2=" " tag="020">
      <marc:subfield code="a">9783990012604</marc:subfield>
      <marc:subfield code="9">9783990012604</marc:subfield>
   </marc:datafield>
   <marc:datafield ind1="3" ind2=" " tag="024">
      <marc:subfield code="a">9783990012604</marc:subfield>
   </marc:datafield>
   <marc:datafield ind1=" " ind2=" " tag="041">
      <marc:subfield code="a">ger</marc:subfield>
   </marc:datafield>
   <marc:datafield ind1=" " ind2=" " tag="300">
      <marc:subfield code="a">240 S.</marc:subfield>
   </marc:datafield>
</marc:record>
